Sports Quiz

Random Sports or NFL Quiz

NFL Top 100 Receivers (2013) Quiz Stats

 Plays Quiz Updated Nov 17, 2016

Challenge
Share
Tweet
Embed
Score 0/101 Timer 10:00
10 Plays Today
Team Player % Correct
DETCalvin Johnson
97.7%
HOUAndre Johnson
97.4%
BUFStevie Johnson
96.6%
CINA.J. Green
93.7%
DENDemaryius Thomas
93.4%
PHIDeSean Jackson
93.4%
DENJulius Thomas
93.2%
TBVincent Jackson
93.1%
NOPierre Thomas
92.8%
PITAntonio Brown
91.6%
CHIBrandon Marshall
91.2%
CLEJosh Gordon
90.7%
DALDez Bryant
90.7%
ATLJulio Jones
90.4%
BALMarlon Brown
90.3%
SDVincent Brown
90.3%
CARSteve Smith
90.2%
BALTorrey Smith
90.2%
GBJames Jones
90%
CINMarvin Jones
89.8%
GBJordy Nelson
88.3%
ARILarry Fitzgerald
85.4%
NOJimmy Graham
85.1%
ATLRoddy White
85.1%
HOUGarrett Graham
84.3%
DENWes Welker
83.4%
WASPierre Garcon
83%
SFAnquan Boldin
81.5%
DENEric Decker
81.3%
NYGVictor Cruz
81.3%
CHIAlshon Jeffery
81.1%
NOMarques Colston
79.1%
INDT.Y. Hilton
78.7%
ATLTony Gonzalez
76.7%
Team Player % Correct
SFVernon Davis
74.5%
DALJason Witten
71.5%
MIAMike Wallace
71%
SDAntonio Gates
69.3%
NERob Gronkowski
67.4%
NEJulian Edelman
67.3%
INDReggie Wayne
65.8%
SEAGolden Tate
65.5%
KCDwayne Bowe
63.1%
SDKeenan Allen
62.8%
NYGHakeem Nicks
61.2%
DALTerrance Williams
60.6%
ARIMichael Floyd
60.4%
PITEmmanuel Sanders
59%
MINGreg Jennings
58.9%
JACAce Sanders
58.6%
MIABrian Hartline
58.5%
PHIRiley Cooper
56.5%
ATLHarry Douglas
55%
CARGreg Olsen
54.4%
CHIMartellus Bennett
53.5%
PITHeath Miller
53.1%
CLEJordan Cameron
50.1%
KCJamaal Charles
49.1%
PHILeSean McCoy
47.8%
TENKendall Wright
47.5%
TBTimothy Wright
47.2%
TENNate Washington
46.6%
NEDanny Amendola
46.5%
MINCordarrelle Patterson
45.6%
OAKDenarius Moore
44.9%
JACCecil Shorts
44.6%
SEADoug Baldwin
44.3%
CHIMatt Forte
42.4%
Team Player % Correct
HOUDeAndre Hopkins
41.7%
DETReggie Bush
41.6%
PHIBrent Celek
40.9%
NODarren Sproles
40.4%
MIACharles Clay
36.1%
CARBrandon LaFell
35.7%
NOKenny Stills
33.7%
DETJoique Bell
33.3%
TENDelanie Walker
33.2%
STLJared Cook
31.6%
PHIZach Ertz
31.5%
INDCoby Fleener
30.9%
NYGRueben Randle
30.9%
DENKnowshon Moreno
29.6%
SDDanny Woodhead
29.5%
OAKRod Streater
25.7%
BUFRobert Woods
25.1%
WASJordan Reed
24.3%
GBJarrett Boykin
23.8%
PITJerricho Cotchery
23.5%
BUFScott Chandler
23.2%
NEAaron Dobson
23.2%
CARTed Ginn
23%
SDEddie Royal
22.1%
KCDonnie Avery
21.5%
MINJerome Simpson
19.8%
NYJJeremy Kerley
18.2%
KCDexter McCluster
18%
CINGiovani Bernard
17.9%
NYGBrandon Myers
16.7%
STLChris Givens
16.2%
ARIAndre Roberts
15.7%
DETKris Durham
9.6%

You're not logged in!

Compare scores with friends on all Sporcle quizzes.
OR
Log In

You Might Also Like...

Show Comments

Extras

Top Quizzes Today


Score Distribution

Your Account Isn't Verified!

In order to create a playlist on Sporcle, you need to verify the email address you used during registration. Go to your Sporcle Settings to finish the process.

Report this User

Report this user for behavior that violates our Community Guidelines.

Details: